[Event "FIDE-Wch"]
[Site "San Luis"]
[Date "2005.10.11"]
[Round "12"]
[White "Topalov, Veselin"]
[Black "Svidler, Peter"]
[Result "1/2-1/2"]
[WhiteElo "2788"]
[BlackElo "2738"]
[Annotator "Gershon,A"]
[PlyCount "41"]
[EventDate "2005.09.28"]
[EventType "tourn"]
[EventRounds "14"]
[EventCountry "ARG"]
[EventCategory "20"]
[SourceTitle "CBM 110"]
[Source "ChessBase"]
[SourceDate "2006.01.31"]
[SourceVersion "1"]
[SourceVersionDate "2006.01.31"]
[SourceQuality "1"]

1. e4 e5 2. Nf3 Nc6 3. Bb5 a6 4. Ba4 Nf6 5. O-O Be7 6. Re1 b5 7. Bb3 O-O 8. h3
{Topalov likes the Anti-Marshall. He even won against Kasparov in this opening!
} Bb7 9. d3 d6 10. a3 {Nowadays this seems to be the most dangerous
Anti-Marshal concept.} Qd7 ({Another approach is} 10... Na5 11. Ba2 c5 {
for instance} 12. Nbd2 Bc8 13. c3 Be6 14. Bxe6 fxe6 15. b4 cxb4 16. axb4 Nc6
17. Qb3 Qd7 18. Bb2 h6 19. Ra2 Rfb8 20. Rea1 Qc8 21. Nf1 d5 22. Ng3 Kh8 23. Bc1
Bd6 24. Be3 $16 {0-1 Leko,P (2741)-Anand,V (2782)/Dortmund GER 2004 (83)}) ({
Also worth considering is} 10... Nb8 11. Nbd2 Nbd7 12. Nf1 Re8 13. Ng3 c6 14.
Nh2 d5 15. Qf3 g6 $1 $13 {Ponomariev-Ivanchuk, 2002.}) 11. Nc3 {This is a very
natural line if White doesn't want to take risks (which is obvoiusly the case
here). He will play d4 and get some plus, which is not easy to realize, but
almost impossible to lose.} ({More complicated is} 11. Nbd2 {For example, same
opponents played here:} Rae8 12. c3 d5 13. Ba2 dxe4 14. dxe4 Nh5 15. Nb3 Qxd1
16. Rxd1 Nf6 17. Re1 $11 {1/2-1/2 Topalov,V (2700)-Svidler,P (2713)/Linares
1999/CBM 070 (35)}) 11... Nd8 {Instead of moving the knight to a5, Black is
looking for a better place for it, but it costs him - White gets an important
tempo - he has no need to withdraw the Bishop to a2 - and he makes use of it.}
({Less convincing is} 11... Rae8 12. a4 $1 b4 13. Nd5 Nxd5 14. Bxd5 Nd8 15.
Bxb7 Nxb7 16. d4 exd4 17. Qxd4 a5 18. Qd5 $14 {1-0 Svidler,P (2689)-De Vreugt,
D (2511)/Esbjerg 2000/CBM 078 (37)}) 12. d4 {Again, White chooses the less
risky way - a tiny advantage and no chance to lose.} (12. Ne2 $5 Ne6 13. Ng3 g6
14. Bh6 (14. c3 c5 15. d4 c4 16. Bc2 Qc7 17. Be3 a5 $13 {0-1 Bologan,V (2682)
-Aronian,L (2724)/Stepanakert ARM 2005 (56)}) 14... Rfe8 15. Ng5 Bf8 16. Bxf8
Rxf8 17. Nxe6 fxe6 18. Qd2 c5 19. f4 exf4 20. Qxf4 d5 $15 {0-1 Gelfand,B (2695)
-Shirov,A (2732)/Rethymnon 2003/CBM 098 (39)}) 12... exd4 13. Nxd4 {The
statistics approve Topalov's decision - White has never lost a game in this
position, though he rarely won here, but it's not needed here.} Re8 14. Nf5 ({
Svidler himself played this variation on the white side, so he knows well that
Black has no right to err:} 14. Bg5 Nxe4 $4 15. Nxe4 Bxe4 16. Rxe4 Bxg5 17. Qg4
{1-0 Svidler,P (2723)-Almasi,Z (2631)/Germany 2003/EXT 2004}) 14... Ne6 (14...
Nxe4 $2 15. Qg4 g6 16. Nh6+) (14... Bf8 $6 15. Bg5 Bxe4 16. Nxe4 Rxe4 17. Rxe4
Qxf5 18. Bxf6 Qxe4 19. Bd5 Qf4 20. Bxa8 Qxf6 21. c3 $18 {1-0 Anand,V (2782)
-Shirov,A (2725)/Mainz 2004/CBM 103 (30)}) 15. Nxe7+ (15. Be3 $5 Bf8 16. Qf3 c5
17. Bd5 Nxd5 18. exd5 Nc7 19. Ne4 Nxd5 20. Qg4 Kh8 21. Nexd6 Nf6 22. Qf4 Nd5
23. Qg4 Nf6 24. Qf4 Nd5 {1/2-1/2 Sutovsky,E (2665)-Almasi,Z (2628)/Paks HUN
2005/The Week in Chess 553}) 15... Rxe7 16. f3 Rd8 {Black is ready for d5,
which will liquidate all of White's dreams for an advantage- he does not have
many in this games anyway.} 17. Bxe6 (17. Be3 d5 18. exd5 Nxd5 19. Nxd5 {
1/2-1/2 Movsesian,S (2629)-Aronian,L (2675)/Porz GER 2004/The Week in Chess 528
}) 17... fxe6 (17... Rxe6 $6 18. Bg5 $14) 18. e5 {Forcing the draw.} dxe5 19.
Qxd7 Rdxd7 (19... Nxd7 20. Bg5 Nf6 21. Rxe5 {And the position is similar to
the game.}) 20. Rxe5 Rd6 $146 {It is funny, but there is a novelty here! Not
an extremely important, but still...} (20... h6 21. Be3 Nd5 (21... Re8 22. Re1
{1/2-1/2 Efimenko,Z (2601)-Aronian,L (2684)/Moscow RUS 2005/The Week in Chess
538}) 22. Nxd5 Rxd5 23. Rxd5 Bxd5 24. a4 Kf7 25. axb5 axb5 26. Ra7 c6 27. Rxe7+
{1/2-1/2 Anand,V (2782)-Shirov,A (2725)/Mainz 2004/CBM 103}) 21. Bf4 {In this
game Topaliv showed how to play in case White if wants to ensure he doesn't
lose, while all accusations on Svidler not trying hard enough to win lack
ground.} 1/2-1/2

[Event "FIDE-Wch"]
[Site "San Luis"]
[Date "2005.10.09"]
[Round "10"]
[White "Adams, Michael"]
[Black "Anand, Viswanathan"]
[Result "1/2-1/2"]
[WhiteElo "2719"]
[BlackElo "2788"]
[Annotator "Gershon,A"]
[PlyCount "49"]
[EventDate "2005.09.28"]
[EventType "tourn"]
[EventRounds "14"]
[EventCountry "ARG"]
[EventCategory "20"]
[SourceTitle "CBM 110"]
[Source "ChessBase"]
[SourceDate "2006.01.31"]
[SourceVersion "1"]
[SourceVersionDate "2006.01.31"]
[SourceQuality "1"]

1. e4 e5 2. Nf3 Nc6 3. Bb5 a6 4. Ba4 Nf6 5. O-O Be7 6. Re1 b5 7. Bb3 O-O 8. a4
{The oldest Anti-Marshall system.} b4 {A serious decision which proved itself
in the Elite tournaments.} 9. d3 d6 10. a5 {Seems like the only way to fight
for an advantage.} Be6 11. Nbd2 Rb8 {Black defends the pawn on b4 and gets
ready for openning the "b" file.} ({Another good possibilitiy is} 11... Qc8 {
as in the game Leko-Svidler from the same tournament.}) 12. Nc4 {The concept
of this move has been around for only a couple of years now, but it was enough
to realize that it doesn't promise White anything.} ({Interesting is} 12. Bc4 {
which was played by Kasparov.} Qc8 13. Nf1 Re8 14. Ne3 Nd4 15. Nxd4 exd4 16.
Nd5 Nxd5 17. exd5 Bd7 18. Bd2 Bf6 19. Rxe8+ Bxe8 20. Qe2 Bb5 21. Re1 Bxc4 22.
dxc4 h6 23. b3 $14 {Kasparov-Short, 1993.}) 12... h6 {Prepares for... d5! This
move is critical to avoid some White pieces paying a visit to g5.} (12... Bg4
13. Be3 Nd7 14. h3 Bxf3 15. Qxf3 Bg5 $1 16. Ba4 Bxe3 17. Qxe3 Nd4 18. c3 bxc3
19. bxc3 Nb5 20. d4 Qe7 21. Rad1 $14 {1/2-1/2 Kasparov,G (2838)-Grischuk,A 
(2702)/Moscow 2002/CBM 090 (39)}) (12... Nd7 $6 {This is a different plan} 13.
Be3 Bf6 14. c3 bxc3 15. bxc3 Rb7 16. Qc2 Na7 17. d4 Qb8 18. d5 Bg4 19. Nfd2 h6
20. h3 Bh5 21. Ba4 $16 {1-0 De Firmian,N (2537)-Beliavsky,A (2679)/Copenhagen
2004/CBM 101 ext (41)}) 13. h3 {White's plan is simple - bring the B to e3, so
he is preparing it with h3. Later on the N will come to d2 ,Q on e2. This
sounds like a plan, the problem is that this plan is not dangerous for Black.}
(13. c3 $5 bxc3 14. bxc3 Nd7 15. Ba4 Na7 16. Be3 Nb5 17. Qc2 f5 18. exf5 Bxf5
19. Ncd2 c5 20. Bb3+ Kh7 21. Ne4 Bg6 22. Ng3 Nc7 23. Qd1 d5 24. Bc2 Nb5 $13 {
1-0 Shirov,A (2726)-Almasi,Z (2650)/Mallorca 2004/CBM 104 no vc (44)}) 13...
Qc8 14. Be3 Rd8 $1 {As I said, d5 is the main idea here for Black.} 15. Qe2 Bf8
16. Nfd2 $146 {This typical multi-purpose White's manoeuvre is a novelty in
this position. White dreams of advancing d4, and in order to do so e4 must be
protected. In addition, this move defends the B on b3 which makes c3 and d4
possible in the future. And if this was not enough, this move releases the B
of defending the N on c4!} ({Anand himself tried here} 16. Red1 Ne7 17. Nfd2
Ng6 18. d4 exd4 19. Bxd4 Nh7 20. Be3 d5 21. exd5 {1/2-1/2 Anand,V (2766)
-Shirov,A (2736)/Monaco 2004/CBM 099 ext}) 16... Ne7 $5 {Black is preparing
for White's d4 and at the same time makes way for his own 'c' pawn.} (16... d5
$6 17. Ba4 $1 dxc4 (17... Qb7 18. Bxc6 Qxc6 19. Nxe5 {and the compensation is
not obvious.}) 18. Bxc6 cxd3 19. cxd3 Bd7 20. Rec1 $16) 17. d4 $1 {The only
way to fight for an advantage. At least White is not worse here!} Ng6 (17...
exd4 $6 18. Bxd4 $36) (17... Nxe4 $2 18. Nxe4 d5 19. Nc5 $1 $18) 18. d5 $14 {
White is a little better. Very little...} (18. Red1 {Returns to the
Anand-Shirov game.}) 18... Bd7 19. Ba4 (19. c3 $2 bxc3 20. bxc3 Nxe4 $1 $36)
19... Bb5 $1 {A strong idea - if White wants to exchange Bishops, he should
pay for it.} 20. b3 $6 {And white wants to pay the price, but not losing the N
in the process. So he liberates the b2 for it. Unfortunatelly, straightforward
piece exhanges are not enough here.} (20. Bxb5 $2 axb5 $19) 20... Be7 21. Rec1
c6 $1 22. Bxb5 (22. c3 $2 bxc3 23. Rxc3 cxd5 $19) 22... Rxb5 23. Nb6 (23. c3 $6
bxc3 24. Na3 Rc5 $1 25. Ndc4 (25. Bxc5 $2 cxd2 $19) 25... cxd5 26. Nb6 Qb7 27.
Bxc5 d4 $1 28. Bb4 Nf4 29. Qf1 Qxe4 $36) 23... Qb7 24. dxc6 Qxc6 25. Qc4 {
Here the players agreed to a draw.} (25. Qc4 Qb7 26. c3 d5 $1 {And Black is
not worse.}) 1/2-1/2

[Event "FIDE-Wch"]
[Site "San Luis"]
[Date "2005.09.30"]
[Round "3"]
[White "Svidler, Peter"]
[Black "Leko, Peter"]
[Result "1-0"]
[WhiteElo "2738"]
[BlackElo "2763"]
[Annotator "Gershon,A"]
[PlyCount "61"]
[EventDate "2005.09.28"]
[EventType "tourn"]
[EventRounds "14"]
[EventCountry "ARG"]
[EventCategory "20"]
[SourceTitle "CBM 110"]
[Source "ChessBase"]
[SourceDate "2006.01.31"]
[SourceVersion "1"]
[SourceVersionDate "2006.01.31"]
[SourceQuality "1"]

1. e4 e5 2. Nf3 Nc6 3. Bb5 a6 4. Ba4 Nf6 5. O-O Be7 6. Re1 b5 7. Bb3 O-O {
Svidler invites his opponent to try the Marshall Attack, but lately heroes to
stand up to accept the challenge are quite hard to find.} 8. h3 {This move is
an entrance into the so called "Anti Marshall systems". The general idea here
is to postpone the c3 and d4 advances, and finish the development meanwhile.
Actually, there are different ways for Anti Marshal, in this game we will
observe one of them.} Bb7 (8... d6 {is a transposition into the classical Ruy
Lopez after} 9. c3) 9. d3 Re8 $5 {An infrequent and yet promising continuation.
Black tries to manoeuvre without d6 which allows the e7 bishop to find some
more appropriate places to live in (such as b4 or c5).} ({More popular is} 9...
d6) 10. a4 ({Kramnik tried here} 10. Nc3 {against Leko and after} Bb4 11. Ng5
Rf8 12. a3 Bxc3 13. bxc3 Na5 14. Ba2 c5 {he could have only thought about
equalizing.} 15. f4 exf4 16. e5 Nd5 17. Bxd5 Qxg5 18. Bxb7 {And here the
opponents agreed to draw, Kramnik-Leko, 2004.}) ({Another, an even more
popular approach here is} 10. a3) 10... h6 {De facto, this is a novelty as
nobody played here h6 before. However, in a few moves we will realize that it
was just a different move order. The idea here is, in fact, very simple - h6
will be played anyway and Black doesn't want to run with d6, so why not now?}
11. Nc3 {Leko was hoping to advance d5 in one fling and Svidler deprives him
of this option.} ({It is very interesting in those schemes to develop the
knight via} 11. Nbd2 {which bring us to a very similar position to those in a
classical Ruy Lopez positions.}) 11... b4 {When Black plays b4 he should be
aware of some positional dangers, like White's advance a4-a5 at some point.}
12. Nd5 Na5 $146 {This is a real novelty, which looks very logical. a5 is
taken away which leaves White with one idea only - settling on d5.} (12... Bc5
{was examined, without big success though.} 13. a5 $1 Rb8 14. Be3 Bxe3 15. fxe3
Nxd5 16. Bxd5 d6 17. Rf1 {1/2-1/2 Grischuk,A (2606)-Tkachiev,V (2657)/New
Delhi/Teheran 2000/CBM 080}) 13. Ba2 Bc5 14. Bd2 $1 {Simple, but powerful -
Black is forced now to take on d5 which gives White the hope to isolate the
knight on a5.} Bxd5 15. Bxd5 Nxd5 16. exd5 {Here Balck has to play very
carefully, trying to bring the knight back into the game. It looks
unbelievable now, but 10 moves from now Black's position will become
completely lost.} Qf6 $2 {With each move the knight is kept on a5 its chances
to see daylight in this game decrease.} ({For an answer why} 16... d6 $2 {
is not the most fortunate move, I'd suggest asking the knight on a5, which is
pinning all his hopes to this square.}) ({Interesting is} 16... c6 17. Rxe5 (
17. Nxe5 $6 Bxf2+ 18. Kxf2 Rxe5 19. Rxe5 Qf6+ 20. Qf3 Qxe5 {and only White can
have problems here.}) 17... Rxe5 18. Nxe5 Qf6 19. Nf3 cxd5 $14 (19... Qxb2 $2
20. Rb1 Qa3 21. Ne5 $16)) 17. c3 $1 bxc3 {Another inaccuracy which will be
obvious by the next move.} (17... Qb6 $142 18. Be3 (18. d4 $6 exd4 19. cxb4
Bxb4 20. Bxb4 Qxb4 21. Qxd4 Qxd4 22. Nxd4 c5 $1 {And Black is OK.}) 18... Bxe3
19. Rxe3 d6 20. Nh4 $14) 18. Bxc3 $16 Qb6 19. Rxe5 $1 {White is virtually a
piece up on the K side, so he tries to open it.} Bxf2+ 20. Kh1 d6 $2 {The
importance of the 'd6' square has already been mentioned. In addition, this
move weakens 'c6'. It's hard to say what Peter missed here, but it seems that
he underestimated White's 22nd move.} (20... Nb3 {is bad due to} 21. a5 Qb5 22.
Ra3 Nc5 23. Qe2 {and Black is hopeless.}) (20... Nb7 $142 {In order to insert
the poor thing into the game.}) 21. Rxe8+ Rxe8 22. b4 $1 $18 {The beginning of
the end.} Nb7 23. Ra2 Bg3 {Gives no hope, but other continuations do not
really save the day either.} (23... Qa7 24. Re2 Rxe2 25. Qxe2 Qe3 26. Qxe3 Bxe3
27. a5 $1 $18) 24. Re2 Rd8 {The last mistake which finishes the game
immediately.} (24... Rf8 {would have prolonged the "battle".} 25. Nd4 a5 26.
Nf5 Be5 27. bxa5 Nxa5 28. Qe1 $1 Bxc3 (28... Ra8 29. Rb2 Qa6 30. Bxe5 dxe5 31.
Qxe5 Qf6 32. Qxf6 gxf6 33. Nxh6+ $18) 29. Qxc3 f6 30. Re7 {and Black can
resign.}) 25. Nd4 {The only reason why Black continues his suffering is the
time-trouble - a very common reason is those cases.} a5 (25... Rf8 26. a5 Qa7
27. Nc6 Qa8 28. Re7 {As in the game.}) 26. Nc6 Rf8 27. Bd4 Qa6 28. b5 Qa8 29.
Re7 {A great position.} Be5 30. Nxe5 dxe5 31. Bxe5 {Great technique by Peter
Svidler.} 1-0

[Event "London MSO Masters"]
[Site "London"]
[Date "1999.08.24"]
[Round "4"]
[White "Golod, Vitali"]
[Black "Van den Doel, Erik"]
[Result "1/2-1/2"]
[WhiteElo "2568"]
[BlackElo "2528"]
[Annotator "Golod,V"]
[PlyCount "49"]
[EventDate "1999.08.21"]
[EventType "swiss"]
[EventRounds "9"]
[EventCountry "ENG"]
[SourceTitle "EXT 2000"]
[Source "ChessBase"]
[SourceDate "1999.11.16"]
[SourceVersion "1"]
[SourceVersionDate "1999.11.16"]
[SourceQuality "1"]

1. e4 e5 2. Nf3 Nc6 3. Bb5 a6 4. Ba4 Nf6 5. O-O Be7 6. Re1 b5 7. Bb3 O-O 8. h3
$5 {Against attack of the Marshall:(8.c3 d5)} Bb7 ({Another alternative is:} 
8... d6) 9. d3 d6 {[%csl Rb3][%cal Gc6a5]} 10. a3 $5 {[%csl Ya2][%cal Yb3a2]} (
{Another variation is:} 10. c3) 10... Na5 $5 {Besides black has few options:} (
10... h6) (10... Nd7) (10... Re8) (10... Kh8 $5 {See comments to Kasparov,
G-Kamsky,G/ Dos Hermanas,1996/CBM 53 (1/2-1/2) (Azmaiparashvili,Z)(53)}) (10...
Nb8 {See comments to Lautier,J-Sokolov,I/ Erevan,1996(1-0)(Makarichev,S)(44)})
(10... Nd4 {See comments toJansa,V-Blatny,P/Zlin, 1998/CBM 66(0-1)(Hecht)(57)})
({and} 10... Qd7 $5 {SeeTopalov,V-Svidler,P/Linares,1999 (1/2-1/2)(35)}) 11.
Ba2 c5 12. Nc3 Nc6 $5 ({Dubious:} 12... h6 {in view of:} 13. b4 Nc6 (13... cxb4
14. axb4 Nc6 15. Nd5 Nxd5 16. Bxd5 $14 {Kuklin,A-Kovacs,G/HUN-chT,1992(0-1)(18)
}) 14. Nd5 $36 {-see comments to Murrey,J-Adams,M/ Hilversum,1993/CBM 39(1-0)
(Ftacnik)(54)}) ({Worse is:} 12... Rc8 13. Ne2 $5 (13. Bd2 $5 Nc6 14. Ne2 d5 $2
(14... Qd7 $5) 15. exd5 Nxd5 16. Nc3 {[%csl Re5]} Nxc3 17. Bxc3 $16 {Spasov,
V-Radulski,J/Plovdiv,1999(1-0) (61)}) 13... Rc7 14. Ng3 Bc8 15. Be3 Be6 16. b4
$14 {Emms,J-Herbrechtsmeier,C/OLBaden,1992 (1-0)(48)}) ({Also dubious:} 12...
b4 {in view of} 13. axb4 $5 (13. Nd5 $5 b3 $6 (13... bxa3 $5 $14) 14. Nxe7+
Qxe7 15. cxb3 $16 {Bologan,V-Zaitsev,I/Moscow,1998/CBM 63 (1-0)(38)}) 13...
cxb4 14. Nd5 $14 {Lanka,Z-Reichwehr,B/Schwaebisch Gmuend 1994(1-0)(36)}) 13.
Bg5 Ne8 $5 $146 (13... Qd7 $5 14. Nh2 Ne8 15. Bd2 $13 {Kasparov,G-Adams,M/
Linares1999(CBM70) (1-0)(Blatny,P)(65)}) ({and} 13... h6 14. Bxf6 Bxf6 15. Bd5
Qd7 16. Nh2 $5 {[%cal Gh2g4,Gg4e3]} Bd8 17. Ng4 Kh8 18. Ne3 Bg5 19. Qg4 $14 {
Polgar,J-Adams,M/Frankfurt,1999(1/2-1/2) (44) -was checked in the previous
games.}) 14. Bd2 Nc7 $5 ({Slightly worse is:} 14... Nf6 {because of:} 15. Nh2 {
[%csl Rd5][%cal Gh2f1,Gf1e3]} (15. Bg5 Ne8 $11)) 15. Nd5 Nxd5 16. Bxd5 {+/=/=}
Qd7 17. c3 $5 {/\d4;b4or a4} Nd8 18. Bxb7 $6 (18. a4 $1 {An strong move which
was mentioned by Erik Van den Doel after the game.} Bxd5 19. exd5 Rb8 20. axb5
axb5 21. Qb3 {[%csl Gb3,Rd8] with small advantage of white.}) ({After:} 18. b4
$6 {black equalizes:} Bxd5 19. exd5 Rc8 {[%cal Gc5c4]} 20. bxc5 dxc5 21. a4 $11
(21. Rxe5 $143 Bf6 $15 {[%csl Rd5]})) 18... Qxb7 19. d4 Nc6 $1 20. d5 $5 {
This move better than:} (20. Be3 $6 exd4 21. cxd4 Bf6 $11) ({or} 20. dxc5 dxc5
21. Qc2 c4 22. Be3 Rad8 23. Rad1 f6 24. Rd5 Na5 $11 {[%csl Rd5][%cal Ga5b3]})
20... Na5 {/\c4,Nb3} 21. b3 $8 {[%cal Gc3c4] Differently after:} (21. Be3 Nc4
22. Bc1 f5 {[%csl Rd5,Re4] black has a better position.}) 21... c4 $13 22. b4
Nb3 23. Rb1 f5 $5 ({Also good enough:} 23... a5 $5 {[%csl Ga8]} 24. Be3 axb4
25. axb4 Ra2 26. Re2 $13) (23... Nxd2 $143 24. Nxd2 {[%cal Ga3a4] +/=/=}) 24.
exf5 $5 ({Dubious:} 24. Bg5 {in view of:} f4 $1 25. Bxe7 Qxe7 26. Nd2 Nxd2 27.
Qxd2 f3 $15) ({Interestingly:} 24. Ng5 {[%cal Gg5e6]} Bxg5 25. Bxg5 f4 {
[%csl Rg5][%cal Gh7h6]} (25... h6 $5) 26. f3 a5 27. Bh4 $13 {[%cal Gh4f2]})
24... Rxf5 ({Badly:} 24... Qxd5 {because of:} 25. Bg5 Qf7 (25... Qxd1 26. Rbxd1
Bxg5 27. Nxg5 Rxf5 28. Ne4 $16 {[%csl Rd6]}) 26. Bxe7 Qxe7 27. Qd5+ Kh8 28.
Rbd1 $16 {[%csl Rd6]}) 25. Be3 (25. Be3 {Is the right move,whereupon-equality:}
e4 (25... Raf8 26. Nd2 {[%csl Rb3]} Qxd5 27. Nxb3 Qxd1 28. Rexd1 cxb3 29. Rxb3
$11) 26. Qc2 $1 {[%csl Rf5]} Qxd5 (26... Rxd5 $2 27. Qxe4 $16 {[%csl Rb7,Rd5,
Ge4][%cal Gb1d1]}) 27. Nd4 Re5 (27... Nxd4 $143 28. Bxd4 Bf6 (28... Rf4 $6 29.
g3 $14 {[%csl Re4]}) 29. Rxe4 $14) 28. Nxb3 cxb3 29. Qxb3 $11) (25. Qc2 $2 {
is refuted by:} Rxf3 $1 (25... Raf8 $5 {[%csl Rd5]}) 26. gxf3 Qxd5 $17 {
[%csl Rd2,Rf3]}) 1/2-1/2

[Event "Hoogovens-B"]
[Site "Wijk aan Zee"]
[Date "1999.01.29"]
[Round "9"]
[White "Nijboer, Friso"]
[Black "Van der Wiel, John"]
[Result "0-1"]
[WhiteElo "2534"]
[BlackElo "2529"]
[Annotator "Hecht,H"]
[PlyCount "144"]
[EventDate "1999.01.19"]
[EventType "tourn"]
[EventRounds "11"]
[EventCountry "NED"]
[EventCategory "11"]
[SourceTitle "CBM 069"]
[Source "ChessBase"]
[SourceDate "1999.04.01"]
[SourceVersion "1"]
[SourceVersionDate "1999.04.01"]
[SourceQuality "1"]

1. e4 e5 2. Nf3 Nc6 3. Bb5 a6 4. Ba4 Nf6 5. O-O Be7 6. Re1 b5 7. Bb3 O-O 8. h3
Bb7 9. d3 d6 10. a3 Qd7 11. Nbd2 Rae8 12. Nf1 Bd8 13. Ne3 Nd4 14. Nxd4 exd4 15.
Nf1 c5 16. Bd2 Qc6 17. Ba2 d5 18. e5 Nd7 19. f4 f6 20. exf6 Qxf6 21. Qh5 Qf7
22. Qxf7+ Kxf7 23. Nh2 Bh4 24. Rxe8 Kxe8 25. Rf1 Ke7 26. g4 g6 27. g5 Bg3 28.
Ng4 Kd6 29. Kg2 Bh4 30. Ne5 Nxe5 31. fxe5+ Ke7 32. Rf6 Rxf6 33. exf6+ Kf7 34.
Kf3 h6 35. Kg4 hxg5 36. Bxg5 Be1 37. Kf3 Ba5 38. h4 Bd8 39. Bb1 Bxf6 40. Kf4
Ke6 41. Bxf6 Kxf6 {[#] Wenn Weiß seinen schlechten Läufer ins Spiel bringen
will, muß er den gegenerischen Mehrbauern entdoppeln.} 42. c3 dxc3 43. bxc3 Bc8
(43... d4 44. cxd4 cxd4 45. Ba2 a5 46. Bb3 {und wegen seiner Bauernschwächen
d4 und g6 kommt Schwarz nicht recht weiter.}) 44. d4 cxd4 45. cxd4 Bf5 46. Ba2
Ke6 47. Bb3 a5 48. Bd1 a4 49. Ke3 b4 50. Kd2 bxa3 (50... b3 51. Kc3 Bc2 52.
Bg4+ Kf6 53. Bd7 Bd1 54. Kb2 {[%csl Ra4,Rb3]}) 51. Kc3 Bd3 52. Bg4+ Bf5 (52...
Kf6 53. Bd7 Bc4 54. Bxa4 Kf5 55. Bc2+ Kg4 56. Bxg6 Kxh4 57. Bf7 Kg3 58. Kc2 Kf2
59. Bxd5 Bxd5 60. Kb1 $11 {offenbart die Gewinnprobleme von Schwarz}) 53. Bd1
Bb1 54. Bg4+ Kf6 55. Bd7 Be4 56. Bg4 Ke7 57. Bd1 Ke6 58. Bg4+ Kf6 59. Bd7 Bf3
$1 60. Bxa4 (60. Bh3 Kg7 {[%csl Rh4][%cal Rg7h6,Rh6h5]}) 60... Kf5 61. Be8 Be4
(61... Bh5 $5 62. Kb3 $140 Ke4 63. Kxa3 Kxd4 {[%cal Yd4e3,Yd5d4,Yd4d3]}) 62. h5
g5 63. h6 (63. Bg6+ Kf6 64. Bxe4 dxe4 65. d5 a2 66. Kb2 e3 $19) 63... Kf6 64.
Bh5 Bf5 65. Bf3 Be6 66. Kb3 g4 67. Bh1 Kg6 68. Kxa3 Kxh6 69. Kb4 Kg5 70. Kc5
Kf4 71. Kd6 Bg8 72. Ke7 Kg3 0-1